Statistiques concernant Les pays avec les plus grands réseaux ferroviaires à grande vitesse

Cliquez ici pour prendre le quiz!

Statistiques générales

  • Ce quiz a été pris 108 fois
  • Le résultat moyen est 8 sur 10

Statistiques - réponses

HintRéponse% Correct
42 734 kmFrance
99%
9735 kmÉtats-Unis
98%
135 388 kmChine
97%
23 330 kmEspagne
96%
33 041 kmJapon
94%
51 571 kmAllemagne
93%
7921 kmItalie
93%
8893 kmCorée du Sud
72%
10594 kmTurquie
53%
61 120 kmFinlande
30%

Distribution des résultats

Percentile par nombre de réponses

% des personnes avec chaque résultat

Votre développement - résultats

Vous n’avez pas pris ce quiz